Fr. Conceicao Rodrigues College of Engineering

Stress analysis and experimental techniques:An introduction (Record no. 31644)

MARC details
000 -LEADER
fixed length control field 00359nam a2200145Ia 4500
082 ## - DEWEY DECIMAL CLASSIFICATION NUMBER
Classification number 658.4095
Item number SRI
100 ## - MAIN ENTRY--PERSONAL NAME
Personal name Srinivas/J
245 ## - TITLE STATEMENT
Title Stress analysis and experimental techniques:An introduction
260 ## - PUBLICATION, DISTRIBUTION, ETC.
Name of publisher, distributor, etc. Narosa Publication House
Date of publication, distribution, etc. 2012
366 ## - TRADE AVAILABILITY INFORMATION
Publishers's discount category 20
546 ## - LANGUAGE NOTE
Language note ENGLISH
-- Info.Tech
650 ## - SUBJECT ADDED ENTRY--TOPICAL TERM
Topical term or geographic name entry element Stress analysis
942 ## - ADDED ENTRY ELEMENTS (KOHA)
Koha item type BOOK
Holdings
Withdrawn status Lost status Damaged status Not for loan Collection Home library Current library Date acquired Source of acquisition Cost, normal purchase price Inventory number Total Checkouts Full call number Barcode Date last seen Cost, replacement price Price effective from Koha item type
        CRC Fr. Agnel's C.Rodrigues College of Engineering Fr. Agnel's C.Rodrigues College of Engineering 17/03/2023 Narosa Book Distributors 280.00 264 dt 22/05/2013   658.4095 SRI 22689 17/03/2023 350.00   BOOK